| 000 | 00457nam a22001817a 4500 | ||
|---|---|---|---|
| 003 | MPLRDC | ||
| 005 | 20220104192914.0 | ||
| 008 | 210129b ||||| |||| 00| 0 eng d | ||
| 020 | _a978-988-8148-22-6 | ||
| 082 | _a538.82 XFW | ||
| 100 | _a徐凤文、王昆江 | ||
| 245 |
_a中国陋俗 _c |
||
| 250 | _a初版 | ||
| 260 |
_a香港 _b中华书局(香港)有限公司 _c2012 |
||
| 300 | _b平 | ||
| 650 | _a中国风俗志 | ||
| 942 |
_cBK _o538.82 XFW |
||
| 999 |
_c64936 _d64926 |
||